| 000 | 00582nam a2200181Ia 4500 | ||
|---|---|---|---|
| 003 | OSt | ||
| 005 | 20251208114112.0 | ||
| 020 | _a978-1-84014-098-9 | ||
| 040 | _cLC | ||
| 050 |
_aJZ 5538 .J 46 2000 _b4 |
||
| 100 | _aJEONG, HO-WON | ||
| 245 | 0 | _aPEACE AND CONFLICT STUDIES: AN INTRODUCTION | |
| 260 |
_aWEY COURT EAST UNION ROAD FARNHAM, _bASHGATE PUBLISHING LIMITED, _c2000, |
||
| 300 | _aXVi, 407 P, ILL | ||
| 500 | _aINCLUDES BIBLIOGRAPHICAL REFERENCES AND INDEX | ||
| 650 | _aPeace-Philosophy, Conflict management Security, International cooperation | ||
| 942 |
_cBK _2lcc _n0 |
||
| 999 |
_c161264 _d161264 |
||